Updated Top 5 Cities in Florida by Population - Statistics

General Stats
  • This quiz has been taken 57 times
  • The average score is 4 of 5
Answer Stats
County City % Correct
Miami-Dale Miami
100%
Orange Orlando
96%
Duval Jacksonville
92%
Hillsborough Tampa
90%
Pinellas St Petersburg
56%
No matching quizzes found
Score Distribution
Percent of People with Each Score
Percentile by Number Answered
Your Score History
You have not taken this quiz